Brexit: Nguyên nhân, kết quả và những hàm ý cho chủ nghĩa khu vực và toàn cầu hóa /

Shranjeno v:
Bibliografske podrobnosti
Glavni avtor: Chu Thanh Vân.
Format: Bài viết
Jezik:Vietnamese
Teme:
Anh
EU
Oznake: Označite
Brez oznak, prvi označite!
Thư viện lưu trữ: Thư viện Trường Đại học Đà Lạt
LEADER 00941nam a2200313 4500
001 DLU210196617
005 ##20210617
040 # # |a DLU  |b vie 
041 # # |a vie 
044 # # |a vn 
100 # # |a Chu Thanh Vân. 
245 # # |a Brexit: Nguyên nhân, kết quả và những hàm ý cho chủ nghĩa khu vực và toàn cầu hóa /  |c Chu Thanh Vân. 
653 # # |a Anh 
653 # # |a Brexit 
653 # # |a EU 
653 # # |a Quan hệ quốc tế 
653 # # |a Trưng cầu dân ý 
653 # # |a Vương quốc Anh 
773 # # |t Nghiên cứu Châu Âu  |g Số 3(222), 2019, tr. 30-41 
920 # # |a Phòng Tạp chí -- Trung tâm Thông tin - Thư viện Trường Đại học Đà Lạt 
933 # # |a XH 
994 # # |a DLU 
900 # # |a True 
911 # # |a Hoàng Thị Huyền 
925 # # |a G 
926 # # |a A 
927 # # |a BB 
980 # # |a Thư viện Trường Đại học Đà Lạt